LEADER 03970oam 2200589I 450 001 9910964922303321 005 20251116182101.0 010 $a1-136-99123-9 010 $a0-415-57558-3 010 $a0-203-85453-5 010 $a1-136-99124-7 024 7 $a10.4324/9780203854532 035 $a(OCoLC)851695876 035 $a(Au-PeEL)EBL1244574 035 $a(CaPaEBR)ebr10728255 035 $a(CaONFJC)MIL502770 035 $a(OCoLC)852758123 035 $a(OCoLC)852159258 035 $a(CaSebORM)9780415575577 035 $a(MiAaPQ)EBC1244574 035 $a(CKB)2550000001096192 035 $a(FINmELB)ELB139760 035 $a(BIP)63416252 035 $a(BIP)34363679 035 $a(EXLCZ)992550000001096192 100 $a20180706d2013 uy 0 101 0 $aeng 135 $aurcn||||||||| 200 14$aThe ethics of tourism $ecritical and applied perspectives /$fBrent Lovelock and Kirsten M. Lovelock 205 $aFirst edition. 210 $aLondon ;$aNew York $cRoutledge$dc2013 210 1$aNew York :$cRoutledge,$d2013. 215 $a1 online resource (xvi, 368 p.) $cill 311 08$a0-415-57557-5 311 08$a1-299-71519-2 320 $aIncludes bibliographical references at the end of each chapters and index. 327 $a1. Introduction -- 2. Tourism : ethical concepts and principles -- 3. Mobility, borders and security -- 4. Human rights -- 5. Medical tourism -- 6. Sex tourism -- 7. Tourism and indigenous peoples -- 8. Tourism and disability -- 9. Nature-based tourism -- 10. Animals and tourism -- 11. Climate change -- 12. Hospitality and marketing ethics -- 13. Labour -- 14. Codes of ethics -- 15. Conclusion : ethical futures? 330 $aThere are increasingly strident calls from many sectors of society for the tourism industry, the world's largest industry, to adopt a more ethical approach to the way it does business. In particular there has been an emphasis placed on the need for a more ethical approach to the way the tourism industry interacts with consumers, the environment, with indigenous peoples, those in poverty, and those in destinations suffering human rights abuses. This book introduces students to the important topic of tourism ethics and illustrates how ethical principles and theory can be applied to address contemporary tourism industry issues. A critical role of the book is to highlight the ethical challenges in the tourism industry and to situate tourism ethics within wider contemporary discussions of ethics in general. Integrating theory and practice the book analyses a broad range of topical and relevant tourism ethical issues from the urgent 'big-picture' problems facing the industry as a whole (e.g. air travel and global warming) to more micro-scale everyday issues that may face individual tourism operators, or indeed, individual tourists. The book applies relevant ethical frameworks to each issue, addressing a range of ethical approaches to provide the reader with a firm grounding of applied ethics, from first principles. International case studies with reflective questions at the end are integrated throughout to provide readers with valuable insight into real world ethical dilemmas, encouraging critical analysis of tourism ethical issues as well as ethically determined decisions. Discussion questions and annotated further reading are included to aid further understanding. The Ethics of Tourism: Critical and Applied Perspectives is essential reading for all Tourism students globally. 606 $aTourism$xMoral and ethical aspects 606 $aSocial ethics 615 0$aTourism$xMoral and ethical aspects. 615 0$aSocial ethics. 676 $a174/.991 700 $aLovelock$b Brent.$01864087 701 $aLovelock$b Kirsten$01864088 801 0$bMiAaPQ 801 1$bMiAaPQ 801 2$bMiAaPQ 906 $aBOOK 912 $a9910964922303321 996 $aThe ethics of tourism$94470804 997 $aUNINA